000 00815nas a2200265 4500
001 BR9200564
003 BR-BrBNA
005 20231205092255.0
007 ta
008 230509b bl.|||p| |||| 00| 00por d
040 _aBR-BrBNA
_bpor
_cBiblioteca Nacional de Agricultura
041 _a(Pt)
072 _aF02; F61
100 1 _aChalfun, N.N.J.
100 1 _aLopes, L.C.
100 1 _aTeles, F.F.G.
100 1 _aMizubuti, A.
245 1 _aVariacao dos carboidratos e fenois no enraizamento de estacas de Hibiscus rosa-sinensis L.
650 _aREPRODUCAO VEGETAL
650 _aENRAIZAMENTO DE ESTACA
650 _aNUTRIENTE
773 0 _tCiencia e Pratica (Brazil)
_xISSN 0100-3267
_g(May-Aug 1990), v. 14(2) p. 219-228
_wBR9200564
909 _a202311
_bLúcia
_c55
_dLúcia Elande
942 _2AGRIS
_n0
_cANA
999 _c130592
_d130592